000 00890nam a2200253 i 4500
001 bg
245 0 0 _aOstoje przyrody w Polsce =
_bNatural sites in Poland /
_cAnna Dyduch-Falniowska [et al.].
260 _aKraków :
_bInstytut Ochrony Przyrody. Polska Akademia Nauk,
_c1999.
300 _aXXV, [3], 244 s., [1] k. tabl. kolor. złoż. luz. :
_b2 mapy, rys., 2 wykr., err. ;
_c24 cm.
500 _aTekst równol. pol., ang.
504 _aBibliogr. s. XXV.
650 9 _aBaza danych
_zPolska
650 9 _aPrzyroda
_xochrona
_xinformacja
_xautomatyzacja
_zPolska
655 _aInformatory
700 1 _aDYDUCH-FALNIOWSKA, Anna
020 _a8390123630
040 _cBPK
041 0 _aplen
080 _a502.6(438)
920 _a83-901236-3-0
942 _cKS
008 s pl f |000 0 pol
999 _c39371
_d39371
856 _uhttp://koha.tu.koszalin.pl/cgi-bin/koha/opac-detail.pl?biblionumber=39371
_yKatalog online BPK